Journal of education finance / (Record no. 23604)
[ view plain ]
| 000 -LEADER | |
|---|---|
| fixed length control field | 00450nam a22001577a 4500 |
| 003 - CONTROL NUMBER IDENTIFIER | |
| control field | OSt |
| 005 - DATE AND TIME OF LATEST TRANSACTION | |
| control field | 20250922111320.0 |
| 008 - FIXED-LENGTH DATA ELEMENTS--GENERAL INFORMATION | |
| fixed length control field | 250331b |||||||| |||| 00| 0 eng d |
| 040 ## - CATALOGING SOURCE | |
| Transcribing agency | 0 |
| 082 ## - DEWEY DECIMAL CLASSIFICATION NUMBER | |
| Classification number | DPer 371.206005 J826 |
| 245 ## - TITLE STATEMENT | |
| Title | Journal of education finance / |
| 260 ## - PUBLICATION, DISTRIBUTION, ETC. (IMPRINT) | |
| Place of publication, distribution, etc. | Illinois ; |
| Name of publisher, distributor, etc. | University of Illinois Press , |
| Date of publication, distribution, etc. | 2022. |
| 300 ## - PHYSICAL DESCRIPTION | |
| Extent | Volume 48, various paging : |
| Other physical details | illustrations ; |
| Dimensions | 28 cm. |
| 650 #0 - SUBJECT ADDED ENTRY--TOPICAL TERM | |
| Topical term or geographic name as entry element | Finance. |
| 9 (RLIN) | 18588 |
| 942 ## - ADDED ENTRY ELEMENTS (KOHA) | |
| Source of classification or shelving scheme | Dewey Decimal Classification |
| Koha item type | Periodicals |
| Withdrawn status | Lost status | Source of classification or shelving scheme | Damaged status | Not for loan | Home library | Current library | Date acquired | Total Checkouts | Full call number | Barcode | Date last seen | Price effective from | Koha item type | Public note |
|---|---|---|---|---|---|---|---|---|---|---|---|---|---|---|
| Dewey Decimal Classification | UM Digos College - LIC | UM Digos College - LIC | 03/31/2025 | DPer 371.206005 J826 Summer-Fall 2022 v. 48 n. 1-2 | 00198 | 03/31/2025 | 03/31/2025 | Periodicals | Bound Periodical | |||||
| Dewey Decimal Classification | UM Digos College - LIC | UM Digos College - LIC | 03/31/2025 | DPer 371.206005 J826 Winter-Spring 2023 v. 48 n. 3-4 | 00199 | 03/31/2025 | 03/31/2025 | Periodicals | Bound Periodical |
